| 000 | 00454nam a2200145Ia 4500 | ||
|---|---|---|---|
| 008 | 220204s9999 xx 000 0 und d | ||
| 082 |
_a577.1:57.082.22 _bSCH |
||
| 100 | _aSCHUTTE, Karl H | ||
| 245 | 0 | _aBiology of the trace elements: Their role in nutrition | |
| 260 |
_aLondon _bCrosby Lockwood _c1964 |
||
| 490 | _aInternational monographs: Aspects of animal and human nutrition | ||
| 650 | _aSoil analysis | ||
| 650 | _aTrace elements | ||
| 942 | _cBK | ||
| 999 |
_c21157 _d21157 |
||